Fruit and Vegetables (A-Z) Quiz Stats

 Plays Quiz Updated Mar 17, 2015

Also try: Fruit Machine
Challenge
Share
Tweet
Score 0/24 Timer 04:00
8 Plays Today
% Correct
Apple
99.7%
Banana
99%
Corn
98.5%
Grape
97.5%
Lemon
96.6%
Orange
96.3%
Kiwi
96.3%
Strawberry
95.5%
Tomato
95.4%
Watermelon
95.3%
Pumpkin
95.2%
Eggplant
94.7%
% Correct
Raspberry
92.1%
Mango
91.4%
Zucchini
86.9%
Yam
85.3%
Vanilla
82.3%
Nectarine
81.6%
Iceberg Lettuce
78.7%
Dragonfruit
73.2%
Honeydew
63.3%
Fava bean
45%
Quince
38.6%
Jackfruit
23.3%

You're not logged in!

Compare scores with friends on all Sporcle quizzes.
OR
Log In

You Might Also Like...

Show Comments

Extras

Top Quizzes Today


Score Distribution

Your Account Isn't Verified!

In order to create a playlist on Sporcle, you need to verify the email address you used during registration. Go to your Sporcle Settings to finish the process.

Report this User

Report this user for behavior that violates our Community Guidelines.

Details: